000 00634nam a22001817a 4500
008 131022b xxu||||| |||| 00| 0 eng d
020 _a9-7893-5028-0114-7
082 _221 ed.
_a345.05
_bPIL
100 _aPillai, K.N. Chandrasekharan
245 _aR.V. Kelkar’s lectures on criminal procedure :
_bincluding probation and juvenile justice
_c Chandrasekharan Pillai, K.N.
250 _a4 ed.
260 _aLucknow :
_bEastern Book Company
_c2011
300 _alxiv, 328 P. ;
_c24 cm.
500 _aIncludes Index
650 _a criminal procedure
650 _aR.V. Kelkar’s lectures on criminal procedure
942 _2ddc
_cBK
999 _c5798
_d5798